Statistics for Letter Equations Quiz #1

Click here to take the quiz!

General Stats

  • This quiz has been taken 35,740 times
  • The average score is 12 of 24

Answer Stats

EquationAnswer% Correct
7 D in a WDays in a Week
94%
12 M in a YMonths in a Year
94%
101 DDalmatians
88%
366 D in a L YDays in a Leap Year
85%
B H 90210Beverly Hills
83%
12 D of CDays of Christmas
70%
2 P in a PPeas in a Pod
68%
16 O in a POunces in a Pound
60%
5 B in N Y CBoroughs in New York City
53%
2 4 6 8 W D W A?Who Do We Appreciate?
53%
1600 P APennsylvania Avenue
52%
98.6 = B TBody Temperature
51%
1492 C S the O BColumbus Sailed the Ocean Blue
49%
404 F not FFile not Found
41%
18 H on a G CHoles on a Golf Course
37%
32 D at which W FDegrees at which Water Freezes
36%
90 D in a R ADegrees in a Right Angle
34%
7 D SDeadly Sins
30%
50 W to L Y LWays to Leave Your Lover
30%
4 H of the AHorsemen of the Apocalypse
22%
8 P in the S SPlanets in the Solar System
21%
7 H P BHarry Potter Books
15%
100 Z in a GZeros in a Googol
15%
17 S in a HSyllables in a Haiku
6%

Score Distribution

Percentile by Number Answered

Percent of People with Each Score

Your Score History

You have not taken this quiz